000 00719cam a2200157 4500500
005 20260322001156.0
041 _afre
042 _adc
100 1 0 _aBureau, Étienne
_eauthor
245 0 0 _aLaurent Stalla-Bourdillon, La mort n’est pas ce que vous croyez. La joie d’espérer. Desclée de Brouwer, 2024, 260 páginas, 16,90 €.
260 _c2025.
500 _a67
520 _aArtemisia, expuesta en el Museo Jacquemart-André, es un retrato de aquellas mujeres que se rebelan contra la violencia masculina, haciéndose eco de su propia historia.
786 0 _nÉtudes | Jui | 6 | 2025-05-21 | p. 141-141
856 4 1 _uhttps://shs.cairn.info/revista-etudes-2025-6-page-141?lang=es&redirect-ssocas=7080
999 _c1712602
_d1712602